| 000 | 01574nam0a2200349 4500 | ||
|---|---|---|---|
| 001 | RU\NLR\bibl\1348672 | ||
| 005 | 20260405191007.0 | ||
| 010 |
_a978-5-9684-0969-0 _93000 |
||
| 021 |
_aRU _b2008-73290 _9103д |
||
| 035 | _a(nilc)RSL-KNO-004254576 | ||
| 035 | _a(NLR Aleph) 001333778 | ||
| 090 |
_a817058 _c817058 |
||
| 100 | _a20080930d2008 |||y0rusy50 ca | ||
| 101 | 0 | _arus | |
| 102 | _aRU | ||
| 105 | _aa ||||||||| | ||
| 200 | 1 |
_aБодифлекс, калланетика, пилатес - фитнес для вашего здоровья, красоты, долголетия _eсборник _fИрина Смирнова, Лика Ян |
|
| 210 |
_aСанкт-Петербург _cВектор _d2008 |
||
| 215 |
_a214 с. _cил. _d22 |
||
| 225 | 1 | _aЧерез движение - к совершенству | |
| 606 | 1 |
_aФитнес для женщин _jСборники _92354595 _3RU\NLR\auth\661406493 |
|
| 610 | 0 | _aЗдравоохранение. Медицинские науки -- Общая гигиена -- Личная гигиена и гигиена быта -- Популярные издания | |
| 686 |
_aР120.4я9 _2rubbk |
||
| 686 | _aЧ511.49я43 | ||
| 700 | 1 |
_4070 _8rus _7ca _aСмирнова _bИ. В. _cтренер _gИрина Владимировна _3RU\NLR\auth\7761565 _944495 |
|
| 701 | 1 |
_4070 _8rus _7ca _aЯн _bЛ. А. _gЛика А. _3RU\NLR\auth\7783087 _966015 |
|
| 801 | 0 |
_aRU _bРКП _c20080930 _grcr |
|
| 801 | 1 |
_aRU _bРГБ _c20080930 |
|
| 801 | 2 |
_aRU _bNLR _c20090330 _grcr |
|
| 942 | _cBOOK | ||
| 980 | _aNB | ||